Michael Jackson's HIStory songs album - Statistics

General Stats
  • This quiz has been taken 328 times
  • The average score is 12 of 15
Answer Stats
Number Song % Correct
2 They Don't Care About Us
91%
12 HIStory
87%
1 Scream (with Janet Jackson)
86%
5 Earth Song
81%
3 Stranger in Moscow
80%
8 You Are Not Alone
79%
6 D.S.
77%
10 Tabloïd Junkie
76%
13 Little Susie
73%
7 Money
73%
14 Smile
73%
9 Childhood (Theme from "Free Willy 2)
72%
15 Come Together
72%
11 2 Bad
68%
4 This Time Around
66%
No matching quizzes found
Score Distribution
Percent of People with Each Score
Percentile by Number Answered
Your Score History
You have not taken this quiz